Modele iPhone w 2 minuty - Statystyki

Ogólne statystyki
  • Ten quiz został rozwiązany 74 razy
  • Średni wynik to 24 z 35
Statystyki odpowiedzi
Odpowiedź % Poprawnych
iPhone 11
89%
iPhone 12
89%
iPhone 13
89%
iPhone 17
85%
iPhone 14
84%
iPhone 15
84%
iPhone 16
84%
iPhone 5
78%
iPhone 6
78%
iPhone 8
78%
iPhone X
78%
iPhone 7
76%
iPhone 11 Pro
75%
iPhone 17 Pro
75%
iPhone 15 Pro
73%
iPhone 12 Pro
71%
iPhone 14 Pro
71%
iPhone 16 Pro
71%
iPhone 17 Pro Max
69%
iPhone 13 Pro
67%
iPhone 11 Pro Max
65%
iPhone 12 Pro Max
64%
iPhone 13 Pro Max
62%
iPhone 14 Pro Max
62%
iPhone 15 Pro Max
62%
iPhone 16 Pro Max
60%
iPhone 12 MIni
56%
iPhone 13 Mini
56%
iPhone XS
51%
iPhone 14 Plus
47%
iPhone 15 Plus
47%
iPhone 16 Plus
45%
iPhone 17 Plus
44%
iPhone SE
44%
iPhone XR
44%
Nie znaleziono quizów pasujących do podanych kryteriów
Rozkład punktacji
Procent ludzi z każdym wynikiem
Percentyl według liczby udzielonych odpowiedzi
Twoja historia wyników
Nie rozwiązałeś tego quizu